Ejercicios, manipulaciones y masajes en ortopedia y medicina deportiva / (Record no. 109309)

MARC details
000 -LEADER
campo de control de longitud fija 00559nam a2200169 4500
001 - NÚMERO DE CONTROL
campo de control 109309
003 - IDENTIFICADOR DE NÚMERO DE CONTROL
campo de control ES-MaACL
005 - FECHA Y HORA DE LA ÚLTIMA TRANSACCIÓN
campo de control 20230906184823.0
007 - CAMPO FIJO DE DESCRIPCIÓN FÍSICA--INFORMACIÓN GENERAL
campo de control de longitud fija t|
008 - DATOS DE LONGITUD FIJA--INFORMACIÓN GENERAL
campo de control de longitud fija 061121s1957 sp r ||||1| spa d
100 1# - ENTRADA PRINCIPAL--NOMBRE DE PERSONA
Nombre de persona Múgica, Luis Esteban.
9 (RLIN) 84059
245 10 - MENCIÓN DEL TÍTULO
Título Ejercicios, manipulaciones y masajes en ortopedia y medicina deportiva /
Mención de responsabilidad, etc. Luis Esteban Múgica; prólogo de A. Muñoz Calero.
260 ## - PUBLICACIÓN, DISTRIBUCIÓN, ETC.
Lugar de publicación, distribución, etc. Madrid :
Nombre del editor, distribuidor, etc. Paz Montalvo,
Fecha de publicación, distribución, etc. 1957.
300 ## - DESCRIPCIÓN FÍSICA
Extensión 224 p. :
Otras características físicas il. ;
Dimensiones 24 cm.
700 1# - ENTRADA AGREGADA--NOMBRE PERSONAL
Nombre de persona Muñoz Calero, A.
9 (RLIN) 84361
852 ## - LOCALIZACIÓN
Ubicación ES-MaACL
Número de control de estantería C-11878
Sublocalización o colección R.39963
Holdings
Estatus retirado Estado de pérdida Estado de daño No para préstamo Biblioteca de origen Biblioteca actual Ubicación en estantería Fecha de adquisición Fuente de adquisición Total de préstamos Signatura topográfica completa Código de barras Visto por última vez Precio de reemplazo Tipo de ítem Koha
        Biblioteca del Ateneo de Madrid Biblioteca del Ateneo de Madrid Sala Palomar 17/01/2008     C-11878 1114056 23/02/2023 23/02/2023 Libro impreso